000 00713nam a2200205 a 4500
001 BRCA_964
005 20190320203226.0
008 950811s1989 nyua---###---#001-0#eng-#
020 _a1556700970
040 _aDLC
_cDLC
_dDLC
041 _aspa
_heng
050 4 _aNA7515.M4
_b.S77 1989
100 1 _aStreet-Porter, Tim
_93184
245 1 0 _aCasa mexicana
_bthe Architecture, Design and Style of Mexico
_ctext and photographs by Tim Street-Porter ; introduction by Marie-Pierre Colle Corcuera.
260 _aNueva York
_bStewart, Tabori and Chang
_c1989
300 _a271 p.
_bil. a color
_c29 cm.
650 1 4 _aArquitectura doméstica
_zMéxico
_91939
700 1 _aColle Corcuera, Marie-Pierre
_93185
942 _2lcc
_cB
999 _c850
_d850